Nutrition in the prevention and treatment of disease (Record no. 18275)
[ view plain ]
| 000 -LEADER | |
|---|---|
| fixed length control field | 00775nam a22002057a 4500 |
| 008 - FIXED-LENGTH DATA ELEMENTS--GENERAL INFORMATION | |
| fixed length control field | 170825b xxu||||| |||| 00| 0 eng d |
| 020 ## - INTERNATIONAL STANDARD BOOK NUMBER | |
| International Standard Book Number | 0128029282 |
| 040 ## - CATALOGING SOURCE | |
| Original cataloging agency | KABU |
| Transcribing agency | KABU |
| 050 ## - LIBRARY OF CONGRESS CALL NUMBER | |
| Classification number | RM216 |
| Item number | .N88 2017 c. 1 |
| 245 ## - TITLE STATEMENT | |
| Title | Nutrition in the prevention and treatment of disease |
| Statement of responsibility, etc. | edited by Ann M. Couston ...[et al.]. |
| 250 ## - EDITION STATEMENT | |
| Edition statement | 4th ed. |
| 260 ## - PUBLICATION, DISTRIBUTION, ETC. (IMPRINT) | |
| Place of publication, distribution, etc. | London |
| Name of publisher, distributor, etc. | Academic Press |
| Date of publication, distribution, etc. | 2017 |
| 300 ## - PHYSICAL DESCRIPTION | |
| Extent | xxvi, 1047 p. |
| 650 ## - SUBJECT ADDED ENTRY--TOPICAL TERM | |
| Topical term or geographic name as entry element | Dietetics |
| 650 ## - SUBJECT ADDED ENTRY--TOPICAL TERM | |
| Topical term or geographic name as entry element | Nutrition |
| 650 ## - SUBJECT ADDED ENTRY--TOPICAL TERM | |
| Topical term or geographic name as entry element | Diet disease |
| 650 ## - SUBJECT ADDED ENTRY--TOPICAL TERM | |
| Topical term or geographic name as entry element | diet therapy |
| 700 ## - ADDED ENTRY--PERSONAL NAME | |
| Personal name | Coulston, Ann M ...[et al.]. |
| 942 ## - ADDED ENTRY ELEMENTS (KOHA) | |
| Source of classification or shelving scheme | Library of Congress Classification |
| Koha item type | General Collection |
| Edition | 4th ed. |
| Classification part | RM2016 |
| Withdrawn status | Lost status | Source of classification or shelving scheme | Not for loan | Home library | Current library | Date acquired | Cost, normal purchase price | Total Checkouts | Full call number | Barcode | Date last seen | Date last checked out | Copy number | Price effective from | Koha item type |
|---|---|---|---|---|---|---|---|---|---|---|---|---|---|---|---|
| Library of Congress Classification | Kabarak, Main Campus | Kabarak, Main Campus | 16/03/2020 | 10566.00 | 1 | RM216 .N88 2017 c. 1 | 028584 | 25/03/2021 | 20/03/2021 | c. 1 | 16/03/2020 | General Collection | |||
| Library of Congress Classification | Kabarak, Main Campus | Kabarak, Main Campus | 16/03/2020 | 10566.00 | RM216 .N88 2017 c. 2 | 028585 | 16/03/2020 | c. 2 | 16/03/2020 | General Collection | |||||
| Library of Congress Classification | Kabarak, Main Campus | Kabarak, Main Campus | 16/03/2020 | 10566.00 | RM216 .N88 2017 c. 3 | 028586 | 16/03/2020 | c. 3 | 16/03/2020 | General Collection |